Matrix and tensor calculus, (Record no. 543802)

000 -LEADER
fixed length control field 00940cam a2200217 4500
082 ## - DEWEY DECIMAL CLASSIFICATION NUMBER
Classification number 515.63
Author Mark MIC
-- L-1, P-24
100 1# - MAIN ENTRY--PERSONAL NAME
Personal name Michal, Aristotle D.,
9 (RLIN) 39298
245 10 - TITLE STATEMENT
Title Matrix and tensor calculus,
Remainder of title with applications to mechanics, elasticity, and aeronautics,
Statement of responsibility, etc. by Aristotle D. Michal ...
250 ## - EDITION STATEMENT
Edition statement 1st ed.
260 ## - PUBLICATION, DISTRIBUTION, ETC.
Place of publication, distribution, etc. New York,
Name of publisher, distributor, etc. J. Wiley & Sons, inc.;
Place of publication, distribution, etc. London,
Name of publisher, distributor, etc. Chapman & Hall, limited
Date of publication, distribution, etc. [1947]
300 ## - PHYSICAL DESCRIPTION
Extent xiii, 132 p.
Dimensions 24 cm.
Other physical details ill. ;
490 1# - SERIES STATEMENT
Series statement Galcit aeronautical series
500 ## - GENERAL NOTE
General note "Based on a series of lectures ... given under the sponsorship of the Engineering, science, and management war training (ESMWT) program, from August 1942 to March 1943."--Pref.
526 ## - STUDY PROGRAM INFORMATION NOTE
Program name 0
Interest level 0
Reading level 0
Title point value 515_630000000000000_MIC
526 ## - STUDY PROGRAM INFORMATION NOTE
Program name 0
Interest level 0
Reading level 0
Title point value 515_630000000000000_MIC
650 #0 - SUBJECT ADDED ENTRY--TOPICAL TERM
Topical term or geographic name entry element Calculus of tensors.
9 (RLIN) 39299
650 #0 - SUBJECT ADDED ENTRY--TOPICAL TERM
Topical term or geographic name entry element Matrices.
9 (RLIN) 2986
650 #0 - SUBJECT ADDED ENTRY--TOPICAL TERM
Topical term or geographic name entry element NUST
9 (RLIN) 6342
700 ## - ADDED ENTRY--PERSONAL NAME
Personal name D. Michal Aristotle
9 (RLIN) 39300
942 ## - ADDED ENTRY ELEMENTS (KOHA)
Source of classification or shelving scheme
Koha item type Book
Holdings
Withdrawn status Lost status Source of classification or shelving scheme Damaged status Not for loan Permanent Location Current Location Date acquired Total Checkouts Full call number Barcode Date last seen Price effective from Koha item type
          Military College of Engineering (MCE) Military College of Engineering (MCE) 04/03/2014   515.63 MIC MCE-29063 04/03/2014 04/03/2014 Book
          Military College of Engineering (MCE) Military College of Engineering (MCE) 04/03/2014   515.63 MIC MCE-29062 04/03/2014 04/03/2014 Book
© 2023 Central Library, National University of Sciences and Technology. All Rights Reserved.